[Event "DVM U20 2015"]
[Site "Osnabrück GER"]
[Date "2015.12.28"]
[Round "4"]
[White "Wanner, Lukas"]
[Black "Grötzbach, Julian"]
[Result "0-1"]
[Termination "normal"]
[Board "1.4"]
[WhiteElo "2110"]
[BlackElo "2225"]
[WhiteClock "00:16:12"]
[BlackClock "00:12:07"]
[WhiteTeam "SK Doppelbauer Kiel"]
[BlackTeam "Hamburger SK von 1830"]
[PlyCount "92"]
[WhiteFideId "12918148"]
[BlackFideId "24600938"]
[EventCountry "GER"]
[EventRounds "7"]
[EventType "team-swiss"]
[EventDate "2015.12.26"]

1. d4 d5 2. Nf3 Nf6 3. e3 Bg4 4. h3 Bh5 5. g4 Bg6 6. Ne5 Nfd7 7. Nxg6 hxg6 8.
c4 c6 9. cxd5 cxd5 10. Qb3 Qc7 11. Nc3 e6 12. Bd2 a6 13. Rc1 Nc6 14. Bd3 Be7
15. a4 f5 16. Ke2 Nf6 17. f3 Rd8 18. f4 Kf7 19. Rcg1 Qxf4 20. Qxb7 Qd6 21. Qb3
Rb8 22. Qc2 Nb4 23. Qb1 Nxd3 24. Kxd3 Ne4 25. Nxe4 dxe4+ 26. Ke2 Qb6 27. Bc3
Rh4 28. d5 Bf6 29. dxe6+ Qxe6 30. Bxf6 gxf6 31. gxf5 Qxf5 32. Qa2+ Kg7 33. Rf1
Qh5+ 34. Ke1 Qa5+ 35. Ke2 Qh5+ 36. Ke1 Rxh3 37. Rxh3 Qxh3 38. Qa3 Qd7 39. Qc3
Rb6 40. Rf2 Rc6 41. Qb3 Qc7 42. Kf1 Rc1+ 43. Kg2 Qd7 44. Rf4 Qd2+ 45. Rf2 Qd7
46. Rf4 g5 0-1

[Event "DVM U20 2015"]
[Site "Osnabrück GER"]
[Date "2015.12.28"]
[Round "4"]
[White "Grötzbach, Daniel"]
[Black "Mieck, Jale"]
[Result "1/2-1/2"]
[Termination "normal"]
[Board "1.5"]
[WhiteElo "2050"]
[BlackElo "1935"]
[WhiteClock "00:03:14"]
[BlackClock "00:20:12"]
[WhiteTeam "Hamburger SK von 1830"]
[BlackTeam "SK Doppelbauer Kiel"]
[PlyCount "189"]
[WhiteFideId "24692166"]
[BlackFideId "12936871"]
[EventCountry "GER"]
[EventRounds "7"]
[EventType "team-swiss"]
[EventDate "2015.12.26"]

1. e4 g6 2. d4 Bg7 3. Nc3 c6 4. Nf3 d6 5. Be3 Qb6 6. Qd2 Qxb2 7. Rb1 Qa3 8. Bc4
Nf6 9. O-O Qa5 10. Bb3 Nbd7 11. Ng5 O-O 12. f4 e5 13. dxe5 dxe5 14. f5 Nc5 15.
Bc4 gxf5 16. exf5 Ng4 17. h3 Nxe3 18. Qxe3 Nd7 19. Nce4 Nb6 20. Bxf7+ Rxf7 21.
Nxf7 Kxf7 22. f6 Bf8 23. Ng5+ Ke8 24. f7+ Kd8 25. Nxh7 Nd7 26. Nxf8 Nxf8 27.
Qg5+ Kc7 28. Qe7+ Bd7 29. Rfe1 Rd8 30. Rbd1 Kc8 31. a3 Qc3 32. Qxe5 Qxc2 33.
Qe7 b6 34. Qd6 Qf5 35. Rf1 Qe6 36. Qxe6 Bxe6 37. Rde1 Kd7 38. g4 Ke7 39. Re3
Ng6 40. g5 c5 41. Rf6 Nf8 42. h4 Rd4 43. Rexe6+ Nxe6 44. Rxe6+ Kxf7 45. Rc6
Rxh4 46. Rc7+ Kg6 47. Rxa7 Kxg5 48. Ra6 Rh6 49. Kf2 Re6 50. Kf3 Kf5 51. Ra8 Ke5
52. Ke3 Kd5+ 53. Kd3 Rh6 54. Rd8+ Kc6 55. Kc3 Kb5 56. Rd3 Rh4 57. Kb2 Ka4 58.
Rd6 Rh2+ 59. Kc3 Rh3+ 60. Kc4 Rh4+ 61. Kc3 Kb5 62. Rg6 Rh3+ 63. Kb2 c4 64. Rg5+
Ka4 65. Rg7 Rb3+ 66. Kc2 Kxa3 67. Rb7 b5 68. Ra7+ Kb4 69. Rf7 Rh3 70. Rf2 Rh4
71. Re2 Rd4 72. Rf2 c3 73. Kc1 Kb3 74. Rg2 Rh4 75. Rg1 Rh2 76. Rf1 b4 77. Kb1
Ka3 78. Rf8 c2+ 79. Kc1 Kb3 80. Rf3+ Kc4 81. Kb2 Kb5 82. Rf8 Re2 83. Rg8 Rh2
84. Rf8 Kc4 85. Rf3 Kd4 86. Rg3 Rd2 87. Rh3 Kc5 88. Rh5+ Kb6 89. Rh6+ Ka5 90.
Rh8 b3 91. Ra8+ Kb5 92. Rb8+ Kc4 93. Rxb3 c1=Q+ 94. Kxc1 Kxb3 95. Kxd2 1/2-1/2

[Event "DVM U20 2015"]
[Site "Osnabrück GER"]
[Date "2015.12.28"]
[Round "4"]
[White "Nahnsen, Kenneth"]
[Black "Elbracht, Michael"]
[Result "1/2-1/2"]
[Termination "normal"]
[Board "1.6"]
[WhiteElo "1959"]
[BlackElo "2079"]
[WhiteClock "00:06:58"]
[BlackClock "00:09:55"]
[WhiteTeam "SK Doppelbauer Kiel"]
[BlackTeam "Hamburger SK von 1830"]
[PlyCount "80"]
[WhiteFideId "12957119"]
[BlackFideId "12945595"]
[EventCountry "GER"]
[EventRounds "7"]
[EventType "team-swiss"]
[EventDate "2015.12.26"]

1. d4 Nf6 2. c4 g6 3. Nc3 Bg7 4. e4 d6 5. Nf3 O-O 6. Be2 e5 7. dxe5 dxe5 8.
Qxd8 Rxd8 9. Bg5 Re8 10. Nd5 Nxd5 11. cxd5 c6 12. Bc4 cxd5 13. Bxd5 Nc6 14. O-O
Be6 15. Bxe6 Rxe6 16. Rfd1 Nd4 17. Be3 Nc2 18. Rac1 Nxe3 19. fxe3 Re7 20. Rd5
Kf8 21. Kf2 Ke8 22. b3 Rd8 23. Rxd8+ Kxd8 24. Ke2 Rd7 25. g4 h6 26. Rc5 Rc7 27.
Rd5+ Ke7 28. Kd2 Ke6 29. Kd3 a6 30. a4 Rc1 31. Ke2 f5 32. gxf5+ gxf5 33. Rd8
fxe4 34. Nd2 Bf6 35. Rb8 Rc7 36. Nxe4 Be7 37. Rg8 Kf5 38. Ng3+ Kf6 39. Ne4+ Kf5
40. Ng3+ Kf6 1/2-1/2

[Event "DVM U20 2015"]
[Site "Osnabrück GER"]
[Date "2015.12.28"]
[Round "4"]
[White "Keller, Peter"]
[Black "Pauly, Carlo"]
[Result "1-0"]
[Termination "normal"]
[Board "2.1"]
[WhiteTitle "FM"]
[WhiteElo "2292"]
[BlackElo "2266"]
[WhiteClock "00:42:16"]
[BlackClock "00:18:19"]
[WhiteTeam "Frankfurter TV 1860"]
[BlackTeam "SG Porz"]
[PlyCount "47"]
[WhiteFideId "1272105"]
[BlackFideId "24673269"]
[EventCountry "GER"]
[EventRounds "7"]
[EventType "team-swiss"]
[EventDate "2015.12.26"]

1. e4 c5 2. Nf3 d6 3. Bb5+ Nd7 4. d4 cxd4 5. Qxd4 a6 6. Bxd7+ Bxd7 7. c4 e6 8.
Nc3 Rc8 9. O-O Qc7 10. b3 b5 11. Be3 bxc4 12. Rac1 cxb3 13. axb3 Qb7 14. Na4
Rxc1 15. Rxc1 Ne7 16. Nb6 Bb5 17. Qxd6 Nd5 18. Qe5 Nxb6 19. Rc7 Nd7 20. Rxb7
Nxe5 21. Nxe5 Be7 22. Bb6 Bf6 23. Rb8+ Ke7 24. Bc5# 1-0

[Event "DVM U20 2015"]
[Site "Osnabrück GER"]
[Date "2015.12.28"]
[Round "4"]
[White "Xu, Xianliang"]
[Black "Diyap, Murat"]
[Result "1/2-1/2"]
[Termination "normal"]
[Board "2.2"]
[WhiteTitle "FM"]
[WhiteElo "2286"]
[BlackElo "2061"]
[WhiteClock "00:03:16"]
[BlackClock "00:04:53"]
[WhiteTeam "SG Porz"]
[BlackTeam "Frankfurter TV 1860"]
[PlyCount "159"]
[WhiteFideId "4603230"]
[BlackFideId "1272104"]
[EventCountry "GER"]
[EventRounds "7"]
[EventType "team-swiss"]
[EventDate "2015.12.26"]

1. e4 e6 2. Nf3 d5 3. Nc3 Nf6 4. e5 Nfd7 5. d4 c5 6. dxc5 Nc6 7. Bf4 Bxc5 8.
Bd3 f6 9. exf6 Nxf6 10. O-O O-O 11. Qe2 Nh5 12. Bg5 Nf4 13. Qd2 Qd6 14. Nb5 Qb8
15. Rae1 Nxd3 16. Qxd3 a6 17. Nc3 Qd6 18. Bh4 Rf5 19. Bg3 Qf8 20. Na4 Ba7 21.
a3 Bd7 22. Nc3 Qf7 23. Rd1 Rf8 24. Ne2 Qh5 25. Ned4 R5f6 26. Rfe1 Nxd4 27. Nxd4
Qg6 28. Qxg6 Rxg6 29. Nf3 Rgf6 30. c3 h6 31. Bd6 Re8 32. Be5 Rf7 33. Rd2 g5 34.
h3 Bb5 35. Bg3 Rf5 36. Ne5 Kg7 37. Nf3 Kg6 38. Be5 h5 39. Bd4 Bb8 40. Bc5 Bf4
41. Be3 Bc6 42. Bxf4 Rxf4 43. Ne5+ Kf6 44. Nd3 Re4 45. Rxe4 dxe4 46. Nb4 Rc8
47. Nxc6 Rxc6 48. Kf1 Rc5 49. Rd7 b5 50. Ke2 Rd5 51. Rh7 h4 52. Rc7 Rd6 53. Rc5
Rd5 54. Rc6 a5 55. c4 Rd3 56. cxb5 Rb3 57. a4 Rxb2+ 58. Ke3 Rb4 59. Rc3 Ke5 60.
Rc5+ Kf6 61. b6 Rxb6 62. Rxa5 Rb2 63. Rb5 Ra2 64. Rb4 Kf5 65. Rb5+ Kf6 66. a5
Kg6 67. Re5 Kf6 68. Rc5 Kg6 69. Rb5 Kf6 70. Rc5 Kg6 71. Kxe4 Rxf2 72. a6 Ra2
73. Rc6 Kf6 74. Kf3 Kf5 75. Rc5+ e5 76. Rc6 Ra3+ 77. Kf2 Ke4 78. Rc4+ Kf5 79.
Rc6 Ke4 80. Rc4+ 1/2-1/2

[Event "DVM U20 2015"]
[Site "Osnabrück GER"]
[Date "2015.12.28"]
[Round "4"]
[White "Medvedovski, Michael"]
[Black "Sabirov, Ramil"]
[Result "0-1"]
[Termination "normal"]
[Board "2.3"]
[WhiteElo "1966"]
[BlackElo "1977"]
[WhiteClock "00:03:13"]
[BlackClock "00:05:33"]
[WhiteTeam "Frankfurter TV 1860"]
[BlackTeam "SG Porz"]
[PlyCount "170"]
[WhiteFideId "24600830"]
[BlackFideId "12900303"]
[EventCountry "GER"]
[EventRounds "7"]
[EventType "team-swiss"]
[EventDate "2015.12.26"]

1. e4 c5 2. Nf3 Nc6 3. d4 cxd4 4. Nxd4 Qb6 5. Nb3 Nf6 6. Nc3 e6 7. Be3 Qc7 8.
a3 a6 9. Be2 Be7 10. O-O O-O 11. f4 d6 12. Qe1 b5 13. Qg3 Re8 14. Rad1 Bb7 15.
Kh1 Nd7 16. f5 Nce5 17. fxe6 fxe6 18. Bh5 g6 19. Bg4 Nxg4 20. Qxg4 Bf8 21. Nd4
Ne5 22. Qh3 Bc8 23. Bh6 Bg7 24. Nf3 Ra7 25. Ng5 Qd8 26. Bxg7 Rxg7 27. Qg3 Rf8
28. Rf4 h6 29. Nf3 Nxf3 30. Qxf3 Rgf7 31. Rxf7 Rxf7 32. Qg3 Kh7 33. h3 Rd7 34.
Rf1 Bb7 35. e5 dxe5 36. Qxe5 Qg5 37. Qxg5 hxg5 38. Rd1 Rxd1+ 39. Nxd1 Kg7 40.
Kg1 Kf6 41. Kf2 Ke5 42. Ne3 Kd4 43. Ke2 e5 44. c3+ Ke4 45. Nf1 Bd5 46. Nd2+ Kf4
47. Kf2 e4 48. g3+ Ke5 49. Ke3 Bb7 50. Nb3 Kd5 51. Nd2 Ke5 52. b3 Bc6 53. c4
bxc4 54. bxc4 Bb7 55. Nb3 Bc6 56. Nc5 a5 57. Nb3 a4 58. Nc5 Be8 59. Nxe4 Bf7
60. Nd2 Be6 61. Nf3+ Kf6 62. Kd4 Bxh3 63. Ne5 Kf5 64. c5 Bg2 65. c6 Bh1 66. g4+
Kf4 67. c7 Bb7 68. Nxg6+ Kxg4 69. Ke3 Kg3 70. Ne7 g4 71. c8=Q Bxc8 72. Nxc8 Kh2
73. Nd6 g3 74. Nf5 g2 75. Nd4 g1=Q+ 76. Kd3 Qd1+ 77. Kc4 Kg3 78. Nf5+ Kf4 79.
Nd4 Ke4 80. Nb5 Qb3+ 81. Kc5 Kd3 82. Kc6 Kc4 83. Nd6+ Kc3 84. Nb5+ Qxb5+ 85.
Kxb5 Kb3 0-1

[Event "DVM U20 2015"]
[Site "Osnabrück GER"]
[Date "2015.12.28"]
[Round "4"]
[White "Eigemann, Frederik"]
[Black "Saida, Hazim"]
[Result "1-0"]
[Termination "normal"]
[Board "2.4"]
[WhiteElo "2011"]
[BlackElo "1817"]
[WhiteClock "00:10:38"]
[BlackClock "00:05:51"]
[WhiteTeam "SG Porz"]
[BlackTeam "Frankfurter TV 1860"]
[PlyCount "50"]
[WhiteFideId "24692034"]
[BlackFideId "12993689"]
[EventCountry "GER"]
[EventRounds "7"]
[EventType "team-swiss"]
[EventDate "2015.12.26"]

1. d4 f5 2. g3 Nf6 3. Bg2 g6 4. c4 Bg7 5. Nc3 d6 6. Nf3 O-O 7. b3 c6 8. O-O
Nbd7 9. Bb2 e5 10. dxe5 dxe5 11. Qd2 Qe8 12. Ba3 c5 13. Nd5 Nxd5 14. Qxd5+ Kh8
15. Ng5 Qe7 16. h4 h6 17. Nh3 e4 18. Nf4 Kh7 19. Rad1 Be5 20. Ne6 Re8 21. Nxc5
Nf6 22. Qd2 b6 23. Nxe4 Nxe4 24. Bxe4 Qxa3 25. Bxa8 Bd7 1-0

[Event "DVM U20 2015"]
[Site "Osnabrück GER"]
[Date "2015.12.28"]
[Round "4"]
[White "Werle, Joshua"]
[Black "Baltic, Fatih"]
[Result "0-1"]
[Termination "normal"]
[Board "2.5"]
[WhiteElo "1794"]
[BlackElo "1945"]
[WhiteClock "00:07:42"]
[BlackClock "00:46:24"]
[WhiteTeam "Frankfurter TV 1860"]
[BlackTeam "SG Porz"]
[PlyCount "94"]
[WhiteFideId "12973890"]
[BlackFideId "12979090"]
[EventCountry "GER"]
[EventRounds "7"]
[EventType "team-swiss"]
[EventDate "2015.12.26"]

1. d4 Nf6 2. c4 g6 3. Nc3 Bg7 4. e4 d6 5. f4 O-O 6. Nf3 Na6 7. Be2 e5 8. O-O
exd4 9. Nxd4 Nc5 10. Bf3 Re8 11. Re1 a5 12. Nb3 Ne6 13. Be3 a4 14. Nd4 Nc5 15.
Bf2 c6 16. Qd2 Be6 17. Nxe6 Nxe6 18. Rad1 Qa5 19. e5 dxe5 20. fxe5 Rad8 21. Qc2
Nd7 22. Qxa4 Qxa4 23. Nxa4 Nxe5 24. Be2 Bf6 25. Bb6 Rxd1 26. Rxd1 Bd8 27. Bxd8
Nxd8 28. Nc5 Ne6 29. Nxe6 Rxe6 30. Rd8+ Kg7 31. Kf2 Kf6 32. Rb8 Re7 33. Rd8 Nd7
34. b4 Ke5 35. Ke3 Kd6+ 36. Kd2 Re4 37. Kd3 Rh4 38. h3 Ke7 39. Rc8 Ne5+ 40. Kc3
Kd7 41. Rb8 Kc7 42. Re8 Re4 43. Bd1 Kd7 44. Rb8 Rxc4+ 45. Kb3 Kc7 46. Re8 Re4
47. Bf3 Nxf3 0-1

[Event "DVM U20 2015"]
[Site "Osnabrück GER"]
[Date "2015.12.28"]
[Round "4"]
[White "Padva, Leo"]
[Black "Engel, Jan"]
[Result "0-1"]
[Termination "normal"]
[Board "2.6"]
[WhiteElo "1820"]
[BlackElo "1698"]
[WhiteClock "00:01:25"]
[BlackClock "00:05:45"]
[WhiteTeam "SG Porz"]
[BlackTeam "Frankfurter TV 1860"]
[PlyCount "80"]
[WhiteFideId "12964379"]
[BlackFideId "12993557"]
[EventCountry "GER"]
[EventRounds "7"]
[EventType "team-swiss"]
[EventDate "2015.12.26"]

1. e4 c6 2. d4 d5 3. Nc3 dxe4 4. Nxe4 Bf5 5. Ng3 Bg6 6. Nf3 Nd7 7. Bd3 Bxd3 8.
Qxd3 Ngf6 9. O-O e6 10. Re1 Be7 11. c4 O-O 12. Bf4 a6 13. a3 Re8 14. Rad1 Rc8
15. b4 a5 16. Qb3 axb4 17. axb4 Qb6 18. Rb1 Ra8 19. b5 Ra3 20. Qc2 Rea8 21. Nf5
Bf8 22. c5 Qd8 23. Nd6 Bxd6 24. Bxd6 Nd5 25. Rb3 Ra2 26. Qb1 cxb5 27. Rxb5 Nc3
28. Qb4 Nxb5 29. Qxb5 b6 30. h3 bxc5 31. dxc5 R2a5 32. Qc4 Rc8 33. Rxe6 fxe6
34. Qxe6+ Kh8 35. Be7 Ra1+ 36. Kh2 Nf8 37. Qe5 Qe8 38. Ng5 Ng6 39. Qe6 h6 40.
Nf7+ Kh7 0-1

[Event "DVM U20 2015"]
[Site "Osnabrück GER"]
[Date "2015.12.28"]
[Round "4"]
[White "Friedrich, Wiede"]
[Black "Holtel, Jasper"]
[Result "1-0"]
[Termination "normal"]
[Board "3.1"]
[BlackTitle "FM"]
[WhiteElo "2222"]
[BlackElo "2366"]
[WhiteClock "00:46:28"]
[BlackClock "00:20:49"]
[WhiteTeam "USV Potsdam"]
[BlackTeam "SK Münster 32"]
[PlyCount "55"]
[WhiteFideId "24629537"]
[BlackFideId "12956376"]
[EventCountry "GER"]
[EventRounds "7"]
[EventType "team-swiss"]
[EventDate "2015.12.26"]

1. d4 Nf6 2. c4 g6 3. Nf3 Bg7 4. Nc3 d5 5. Bf4 O-O 6. Rc1 Nh5 7. Nxd5 Nxf4 8.
Nxf4 c5 9. e3 cxd4 10. exd4 Nc6 11. d5 Nb4 12. Qd2 e5 13. Qxb4 exf4 14. Be2 Re8
15. Qd2 Qe7 16. O-O Qxe2 17. Rce1 Qxe1 18. Rxe1 Bf5 19. b4 Rxe1+ 20. Qxe1 Bf6
21. h3 g5 22. Nxg5 Bd3 23. Ne4 Bg7 24. Nd6 Bf8 25. c5 b6 26. Qe5 bxc5 27. bxc5
Bh6 28. Qh5 1-0

[Event "DVM U20 2015"]
[Site "Osnabrück GER"]
[Date "2015.12.28"]
[Round "4"]
[White "Quante, Lennart"]
[Black "Eichstaedt, Mirko"]
[Result "1/2-1/2"]
[Termination "normal"]
[Board "3.2"]
[WhiteElo "2111"]
[BlackElo "2197"]
[WhiteClock "01:21:59"]
[BlackClock "01:27:19"]
[WhiteTeam "SK Münster 32"]
[BlackTeam "USV Potsdam"]
[PlyCount "100"]
[WhiteFideId "12979627"]
[BlackFideId "24692310"]
[EventCountry "GER"]
[EventRounds "7"]
[EventType "team-swiss"]
[EventDate "2015.12.26"]

1. d4 d5 2. c4 c6 3. cxd5 cxd5 4. Bf4 Nc6 5. Nf3 Nf6 6. Nc3 a6 7. Rc1 Bf5 8. e3
e6 9. Qb3 Ra7 10. Be2 Bd6 11. Bxd6 Qxd6 12. a3 O-O 13. O-O Ne4 14. Nxe4 Bxe4
15. Qb6 Bxf3 16. Bxf3 Rfa8 17. Rc3 Qd8 18. Qb3 Na5 19. Qc2 f5 20. Be2 b5 21. b3
g6 22. Rc1 h5 23. Rc5 Rb8 24. f3 h4 25. Bd1 g5 26. Qf2 Rd7 27. R1c3 Kg7 28. Bc2
b4 29. axb4 Rxb4 30. Qe2 Qb6 31. h3 Rb7 32. e4 Nxb3 33. Rxb3 Rxb3 34. exf5 Rb1+
35. Kf2 Qd6 36. Bxb1 Qg3+ 37. Ke3 Qf4+ 38. Kf2 Qxd4+ 39. Qe3 Qxe3+ 40. Kxe3
Rxb1 41. fxe6 Kf6 42. Rxd5 Re1+ 43. Kf2 Rxe6 44. g3 hxg3+ 45. Kxg3 Rb6 46. Ra5
Kg6 47. Rc5 Kh6 48. Ra5 Rc6 49. Kg4 Rc4+ 50. Kg3 Rc6 1/2-1/2

[Event "DVM U20 2015"]
[Site "Osnabrück GER"]
[Date "2015.12.28"]
[Round "4"]
[White "Cech, Tim"]
[Black "Baumann, Stephan"]
[Result "1-0"]
[Termination "normal"]
[Board "3.3"]
[WhiteElo "1879"]
[BlackElo "2001"]
[WhiteClock "00:10:53"]
[BlackClock "00:10:33"]
[WhiteTeam "USV Potsdam"]
[BlackTeam "SK Münster 32"]
[PlyCount "69"]
[WhiteFideId "1270258"]
[BlackFideId "12990981"]
[EventCountry "GER"]
[EventRounds "7"]
[EventType "team-swiss"]
[EventDate "2015.12.26"]

1. Nf3 Nf6 2. c4 d6 3. Nc3 e5 4. g3 Be7 5. Bg2 O-O 6. O-O Nc6 7. e3 Bg4 8. d3
Nd7 9. a3 a5 10. Qc2 f5 11. Bd2 Qe8 12. Nd5 Bd8 13. Bc3 Nf6 14. Nxf6+ Rxf6 15.
b4 Qh5 16. Nh4 g5 17. f3 gxh4 18. fxg4 fxg4 19. Rxf6 Bxf6 20. b5 Nd8 21. Rf1
Qh6 22. Qf2 Kg7 23. Bd2 hxg3 24. hxg3 c6 25. Qf5 Qg6 26. Qd7+ Qf7 27. Qxg4+ Kh8
28. Qf5 Kg7 29. Be4 h5 30. Qh7+ Kf8 31. Qh6+ Ke7 32. Bg6 Qg8 33. Rxf6 cxb5 34.
Qg5 Nc6 35. Rf7+ 1-0

[Event "DVM U20 2015"]
[Site "Osnabrück GER"]
[Date "2015.12.28"]
[Round "4"]
[White "Austrup, David"]
[Black "Werthmann, Nils"]
[Result "0-1"]
[Termination "normal"]
[Board "3.4"]
[WhiteElo "1957"]
[BlackElo "1943"]
[WhiteClock "00:01:12"]
[BlackClock "00:33:21"]
[WhiteTeam "SK Münster 32"]
[BlackTeam "USV Potsdam"]
[PlyCount "76"]
[WhiteFideId "12996890"]
[BlackFideId "1270257"]
[EventCountry "GER"]
[EventRounds "7"]
[EventType "team-swiss"]
[EventDate "2015.12.26"]

1. e4 c5 2. d4 cxd4 3. c3 Nf6 4. e5 Nd5 5. Nf3 Nc6 6. Bc4 e6 7. cxd4 Nb6 8. Bb3
Be7 9. O-O O-O 10. Nc3 d6 11. Bf4 dxe5 12. dxe5 Nd7 13. Qe2 b6 14. Rfd1 Qc7 15.
Nb5 Qb8 16. Bc2 Nc5 17. a3 a5 18. Rab1 a4 19. Nfd4 Nxd4 20. Rxd4 Ba6 21. Bxa4
Nxa4 22. Rxa4 Qb7 23. Rd4 Bc5 24. Rdd1 Qc6 25. a4 Bb7 26. Qf3 Qxf3 27. gxf3
Bxf3 28. Re1 Rxa4 29. Bg3 Rd8 30. Nd6 h5 31. h4 Rda8 32. Nb5 Rb4 33. Nc3 Rd8
34. b3 Rg4 35. Kf1 g5 36. hxg5 h4 37. Bh2 Rd2 38. Nd1 Bg2+ 0-1

[Event "DVM U20 2015"]
[Site "Osnabrück GER"]
[Date "2015.12.28"]
[Round "4"]
[White "Ender, Paul Marius"]
[Black "Haberkamp, Carl"]
[Result "1-0"]
[Termination "normal"]
[Board "3.5"]
[WhiteElo "1816"]
[BlackElo "1932"]
[WhiteClock "00:08:27"]
[BlackClock "00:09:18"]
[WhiteTeam "USV Potsdam"]
[BlackTeam "SK Münster 32"]
[PlyCount "51"]
[WhiteFideId "12936545"]
[BlackFideId "12959766"]
[EventCountry "GER"]
[EventRounds "7"]
[EventType "team-swiss"]
[EventDate "2015.12.26"]

1. e4 c6 2. d4 d5 3. exd5 cxd5 4. Bd3 Nf6 5. c3 Bg4 6. Nf3 e6 7. Bf4 Nc6 8.
Nbd2 Be7 9. Qc2 Rc8 10. a3 Bh5 11. O-O Bg6 12. Bxg6 hxg6 13. Qd3 Bd6 14. Bxd6
Qxd6 15. Rfe1 Ke7 16. Nf1 Rh5 17. Qb5 Qc7 18. Rac1 Ne4 19. c4 Nd6 20. Qa4 dxc4
21. Ng3 Rb5 22. Qc2 Qb6 23. Qc3 Kf8 24. Rc2 Ne7 25. Ne5 Rd5 26. Nd7+ 1-0

[Event "DVM U20 2015"]
[Site "Osnabrück GER"]
[Date "2015.12.28"]
[Round "4"]
[White "Altgelt, Max"]
[Black "Nguyen, Anh Van"]
[Result "1/2-1/2"]
[Termination "normal"]
[Board "3.6"]
[WhiteElo "1794"]
[BlackElo "1602"]
[WhiteClock "00:04:28"]
[BlackClock "00:02:04"]
[WhiteTeam "SK Münster 32"]
[BlackTeam "USV Potsdam"]
[PlyCount "91"]
[WhiteFideId "12938602"]
[BlackFideId "12908223"]
[EventCountry "GER"]
[EventRounds "7"]
[EventType "team-swiss"]
[EventDate "2015.12.26"]

1. e4 c5 2. Nf3 e6 3. b3 a6 4. d4 cxd4 5. Nxd4 Qc7 6. Bb2 Nf6 7. Bd3 Be7 8. O-O
d6 9. c4 Nbd7 10. Nc3 Ne5 11. h3 g5 12. Nf3 Nxd3 13. Qxd3 Rg8 14. e5 dxe5 15.
Ne4 Nxe4 16. Qxe4 f5 17. Qxe5 Qxe5 18. Nxe5 Bf6 19. Rad1 b5 20. Rfe1 bxc4 21.
bxc4 Bxe5 22. Bxe5 Kf7 23. Rd6 Ra7 24. Red1 Rc7 25. Rc1 Rd7 26. c5 Rgd8 27. f4
gxf4 28. Bxf4 Kf6 29. h4 Kf7 30. Kf2 h5 31. Ke3 a5 32. g3 Rxd6 33. cxd6 Bd7 34.
Kd4 Rc8 35. Rc7 Rxc7 36. dxc7 a4 37. Ke5 Bc8 38. Kd6 Kf6 39. Be5+ Kf7 40. Kc6
Ke7 41. Kb5 Bd7+ 42. Kb6 Bc8 43. Kc6 Ba6 44. Kc5 Bc8 45. Kb4 Bd7 46. Kc5
1/2-1/2

[Event "DVM U20 2015"]
[Site "Osnabrück GER"]
[Date "2015.12.28"]
[Round "4"]
[White "Peng, Xiang-Tobias"]
[Black "Ott, Florian"]
[Result "0-1"]
[Termination "normal"]
[Board "4.1"]
[WhiteElo "2039"]
[BlackElo "2292"]
[WhiteTeam "Heilbronner SV"]
[BlackTeam "SC Forchheim"]
[PlyCount "80"]
[WhiteFideId "12964328"]
[BlackFideId "12900281"]
[EventCountry "GER"]
[EventRounds "7"]
[EventType "team-swiss"]
[EventDate "2015.12.26"]

1. e4 c5 2. Nf3 d6 3. d4 cxd4 4. Nxd4 Nf6 5. Nc3 a6 6. h3 e6 7. Be3 Be7 8. Bd3
b5 9. O-O Bb7 10. a3 Nbd7 11. Nde2 Qc7 12. Ng3 Ne5 13. Bd4 Nc4 14. Bxc4 Qxc4
15. Bxf6 gxf6 16. Qd3 Rc8 17. Rfe1 Rg8 18. Rad1 Qc5 19. Qe3 Rg5 20. Nf1 f5 21.
Qxc5 Rxc5 22. f4 Rg7 23. Rd2 fxe4 24. Nxe4 Rc4 25. Neg3 Rg8 26. f5 Kd7 27. Kh2
Bg5 28. Rf2 Rf4 29. fxe6+ fxe6 30. Rfe2 Bh4 31. Nh5 Rf5 32. Nfg3 Rfg5 33. Nf6+
Kc7 34. Nge4 Bxe1 35. Nxg8 Bxe4 36. Nf6 Bc6 37. g4 Re5 38. Rxe5 dxe5 39. Nxh7
e4 40. g5 e3 0-1

[Event "DVM U20 2015"]
[Site "Osnabrück GER"]
[Date "2015.12.28"]
[Round "4"]
[White "Wichmann, Adrian"]
[Black "Wenninger, Patrick"]
[Result "0-1"]
[Termination "normal"]
[Board "4.2"]
[WhiteElo "2014"]
[BlackElo "1768"]
[WhiteTeam "SC Forchheim"]
[BlackTeam "Heilbronner SV"]
[PlyCount "58"]
[WhiteFideId "12904708"]
[BlackFideId "12927880"]
[EventCountry "GER"]
[EventRounds "7"]
[EventType "team-swiss"]
[EventDate "2015.12.26"]

1. e4 c6 2. d4 d5 3. Nc3 dxe4 4. Nxe4 Bf5 5. Ng3 Bg6 6. h4 h6 7. Nf3 Nd7 8. h5
Bh7 9. Bd3 Bxd3 10. Qxd3 e6 11. Bd2 Ngf6 12. O-O-O Be7 13. Nf1 Qc7 14. Ne3
O-O-O 15. g3 Kb8 16. Nc4 Nd5 17. Nce5 Nxe5 18. Nxe5 Bf6 19. Qe4 c5 20. Nf3 cxd4
21. Nxd4 Qc4 22. b3 Qc5 23. Be1 Nc3 24. Bxc3 Qxc3 25. Rd3 Rxd4 26. Qxb7+ Kxb7
27. Rxc3 Rhd8 28. Rf3 Re4 29. Rd1 Bg5+ 0-1

[Event "DVM U20 2015"]
[Site "Osnabrück GER"]
[Date "2015.12.28"]
[Round "4"]
[White "Degenhard, Simon"]
[Black "Stephan, Michael"]
[Result "1-0"]
[Termination "normal"]
[Board "4.3"]
[WhiteElo "1929"]
[BlackElo "1911"]
[WhiteTeam "Heilbronner SV"]
[BlackTeam "SC Forchheim"]
[PlyCount "89"]
[WhiteFideId "12944017"]
[BlackFideId "24656852"]
[EventCountry "GER"]
[EventRounds "7"]
[EventType "team-swiss"]
[EventDate "2015.12.26"]

1. e4 e5 2. Nf3 Nc6 3. Bb5 a6 4. Ba4 Nf6 5. d3 b5 6. Bb3 Be7 7. O-O O-O 8. Re1
d6 9. c3 Na5 10. Bc2 c5 11. Nbd2 Nc6 12. Nf1 Be6 13. Ng3 Qc7 14. h3 d5 15. Ng5
Bd7 16. Nh5 dxe4 17. dxe4 Rad8 18. Nxf6+ Bxf6 19. Qh5 h6 20. Nf3 Ne7 21. Nh2
Ng6 22. Ng4 Be7 23. g3 Rfe8 24. Ne3 Bf8 25. Nf5 Bc8 26. Be3 Be6 27. Qg4 b4 28.
cxb4 cxb4 29. Ba4 Bd7 30. Rac1 Qa5 31. Bxd7 h5 32. Qxh5 Rxd7 33. Qg4 Re6 34. h4
Nh8 35. h5 Kh7 36. Kg2 Rc7 37. Rxc7 Qxc7 38. Rc1 Qb7 39. Bc5 Ng6 40. hxg6+ Rxg6
41. Qh4+ Kg8 42. Rh1 Rh6 43. Nxh6+ gxh6 44. Bxf8 b3 45. Bxh6 1-0

[Event "DVM U20 2015"]
[Site "Osnabrück GER"]
[Date "2015.12.28"]
[Round "4"]
[White "Wagner, Robert"]
[Black "Mikeler, Marcel"]
[Result "1/2-1/2"]
[Termination "normal"]
[Board "4.4"]
[WhiteElo "1934"]
[BlackElo "1737"]
[WhiteTeam "SC Forchheim"]
[BlackTeam "Heilbronner SV"]
[PlyCount "87"]
[WhiteFideId "24656879"]
[BlackFideId "12927856"]
[EventCountry "GER"]
[EventRounds "7"]
[EventType "team-swiss"]
[EventDate "2015.12.26"]

1. d4 d5 2. c4 c6 3. cxd5 cxd5 4. Nf3 Nc6 5. Nc3 Nf6 6. g3 g6 7. Bg2 Bg7 8. O-O
O-O 9. Bf4 Bf5 10. Be5 Qd7 11. Rc1 Rac8 12. Bxf6 Bxf6 13. Qb3 Rfd8 14. Ne5 Nxe5
15. dxe5 Bxe5 16. Nxd5 Be6 17. Rxc8 Rxc8 18. Rd1 Bd6 19. Qd3 Qa4 20. a3 b6 21.
Bf3 Qc2 22. Qd4 Rc4 23. Qd2 Qxd2 24. Rxd2 Rc1+ 25. Kg2 Kg7 26. e3 h6 27. Nf4
Bc4 28. Be2 Bb3 29. Nd3 Rc2 30. Rxc2 Bxc2 31. f4 f5 32. Kf3 Ba4 33. Nf2 Bc6+
34. e4 Bc5 35. Bd3 Kf6 36. Nd1 e5 37. h4 Bd4 38. b3 g5 39. hxg5+ hxg5 40. fxg5+
Kxg5 41. Ne3 Bxe3 42. Kxe3 Bd7 43. a4 Bc6 44. Bc4 1/2-1/2